| 000 | 00851pam a2200277 a 4500 | ||
|---|---|---|---|
| 001 | 2386949 | ||
| 003 | Ost | ||
| 005 | 20140310182108.0 | ||
| 008 | 850708s1986 njua 001 0 eng | ||
| 010 | _a 85016861 | ||
| 020 |
_a0135861241 _c$29.95 |
||
| 040 |
_aDLC _cDLC _dDLC |
||
| 050 | 0 | 0 |
_aTL 205 _b.M53 1986 |
| 082 | 0 | 0 |
_aHS 629.28 _b.M692 1986 |
| 245 | 0 | 0 |
_aMitchell automechanics / _cMitchell Information Services, Inc. |
| 260 |
_aEnglewood Cliffs, N.J. : _bPrentice-Hall, _cc1986. |
||
| 300 |
_axviii, 696 p. : _bill. (some col.) ; _c28 cm. |
||
| 500 | _aIncludes index. | ||
| 541 | _j1 | ||
| 562 | _e1 | ||
| 650 | 0 |
_aAutomobiles. _911840 |
|
| 650 | 0 |
_aAutomobiles _xMaintenance and repair. _913270 |
|
| 710 | 2 |
_aMitchell Information Services. _913271 |
|
| 906 |
_a7 _bcbc _corignew _d1 _eocip _f19 _gy-gencatlg |
||
| 942 |
_2lcc _cHS _kHS |
||
| 999 |
_c9336 _d9336 |
||